Представление документа в формате MARC21

ПолеНазваниеЗначение
  Тип записи a
  Библиографический уровень m
001 Контрольный номер RU\infra-m\znanium\bibl\2235947
005 Дата корректировки 20260429142147.0
008 Кодируемые данные 260120s2025 RU g rus u
020 Индекс ISBN __
a ISBN 978-5-9614-7206-6
040 Источник каталогиз. __
a Служба первич. каталог. Общество с ограниченной ответственностью «ЗНАНИУМ»
041 Код языка издания __
a Код языка текста rus
044 Код страны публикации __
a Код страны публикации RU
080 Индекс УДК __
a Индекс УДК 316
080 Индекс УДК __
a Индекс УДК 3477
084 Индекс другой классификации/Индекс ББК __
2 Источник индекса rubbk
a Индекс другой классификации/Индекс ББК 306
084 Индекс другой классификации/Индекс ББК __
2 Источник индекса rubbk
a Индекс другой классификации/Индекс ББК 6529
084 Индекс другой классификации/Индекс ББК __
2 Источник индекса okso
a Индекс другой классификации/Индекс ББК 38.03.01
084 Индекс другой классификации/Индекс ББК __
2 Источник индекса okso
a Индекс другой классификации/Индекс ББК 38.03.02
100 Автор __
a Автор Иммельт Д.
q Полное имя Иммельт Джефф
245 Заглавие __
a Заглавие Под напряжением: Уроки лидерства руководителя General Electric
b Продолж. заглавия Научно-популярная литература
250 Сведения об издании __
a Основные сведения об издании 1
260 Выходные данные __
a Место издания Москва
b Издательство ООО "Альпина Паблишер"
c Дата издания 2026
300 Физическое описание __
a Объем 344 с.
520 Аннотация __
a Аннотация Джефф Иммельт сменил легендарного Джека Уэлча на посту главы General Electric за четыре дня до 11 сентября 2001 года когда два «Боинга-767» с двигателями GE разрушили застрахованные GE здания. В 2008 году грянул мировой экономический кризис а в 2011 году произошла авария на атомной электростанции «Фукусима-1» все шесть реакторов которой проектировали инженеры GE. Руководство компании обязано было реагировать на ситуации быстро и правильно чтобы не допустить репутационного и финансового краха GE. «Под напряжением» — честный рассказ о непростом преодолении этих и других проблем и поиске верных решений усиливших GE. Джефф Иммельт дает ответы на важные вопросы: какие качества делают человека лидером как следует встречать удары судьбы чтобы выходить победителем из сложных и скользких ситуаций как работать с критикой как находить слабые места в работе компании и устранять их как выстраивать отношения с подчиненными сохранять доброе имя компании и приумножать ее капитал даже в нестабильные времена.
521 Примеч. о цел. назн. __
a Примеч. о целев. назн. Дополнительное образование взрослых
650 Тематические рубрики __
a Основная рубрика Экономика. Бухгалтерский учет. Финансы
x Основная подрубрика Экономика предприятия (фирмы)
655 Указ. предметных рубрик (устаревшее) __
a Жанр/ форма (устаревшее) Научно-популярная литература
700 Другие авторы __
a Другие авторы Уоллес Э.
q Полное имя Уоллес Эми
856 Электронный адрес документа 4_
a Имя сервера/домена znanium.ru
m Помощь ebs_support@infra-m.ru
n Местонахождение сервера НИЦ ИНФРА-М
u URL https://znanium.ru/catalog/document?id=473947
856 Электронный адрес документа 48
a Имя сервера/домена znanium.ru
d Путь /cover/2235
f Электронное имя 2235947.jpg
q Тип электронного формата image/jpeg
u URL https://znanium.ru/cover/2235/2235947.jpg
911 __
u 0030=https://znanium.ru/catalog/document?id=473947